000 01409cam a2200181 4500500
005 20260405085514.0
041 _afre
042 _adc
100 1 0 _aFalaize, Benoît
_eauthor
700 1 0 _aBonafoux, Corinne
_eauthor
700 1 0 _aDe Cock, Laurence
_eauthor
700 1 0 _aBonafoux-Verrax, Corinne
_eauthor
700 1 0 _aDe Cock-Pierrepont, Laurence
_eauthor
245 0 0 _aMémoires et histoire à l'Ecole de la République : Quels enjeux ?
260 _bArmand Colin,
_c2007.
520 _aL’école est le lieu privilégié de manifestation des tensions entre mémoire(s) et histoire. Tiraillée entre la fonction républicaine, laïque et consensuelle, et le réveil des susceptibilités religieuses et communautaires, l’institution scolaire est à la peine. Les difficultés actuelles sont d’abord de l’ordre de la maîtrise des connaissances sur sujets «sensibles» par les enseignants. Elles relèvent aussi de la didactique, de la manière de faire la classe. Comment aborder ces sujets ? Comment articuler ce qui ressort de l’émotion et de la nécessaire transmission d’un savoir ? Comment faire face aux réactions souvent déconcertantes des élèves ? Cet ouvrage fait le point, et propose des repères.
856 4 1 _uhttps://shs.cairn.info/memoires-et-histoire-a-lecole-de-la-republique--9782200346355?lang=fr&redirect-ssocas=7080
999 _c2198129
_d2198129